[Event "Gothenburg op"]
[Site "Gothenburg"]
[Date "2022.08.14"]
[Round "8"]
[White "Johansson, Jan1111"]
[Black "Wickstrom, Lars"]
[Result "1/2-1/2"]
[WhiteElo "1666"]
[BlackElo "1753"]
[PlyCount "51"]
[EventDate "2022.08.12"]
[EventType "swiss"]
[EventRounds "8"]
[EventCountry "SWE"]
[SourceTitle "CBM 209 Extra"]
[Source "ChessBase"]
[SourceDate "2022.09.30"]
[SourceVersion "1"]
[SourceVersionDate "2022.09.30"]
[SourceQuality "1"]

1. d4 d5 2. Bf4 Nf6 3. e3 c6 4. c3 Bf5 5. Qb3 Qb6 6. Nd2 Nbd7 7. c4 dxc4 8. Bxc4 e6 9. h3 Bb4 10. Ngf3 Ne4 11. Rd1 Ndf6 12. a3 Be7 13. 0-0 h6 14. Rc1 0-0 15. Rfd1 c5 16. Nxe4 Bxe4 17. Qxb6 axb6 18. Nd2 Bc6 19. Bf1 Nd5 20. Bg3 cxd4 21. exd4 b5 22. Ne4 b4 23. axb4 Bxb4 24. Ra1 Be7 25. Nc5 Rfd8 26. Be5 1/2-1/2

[Event "Gothenburg op"]
[Site "Gothenburg"]
[Date "2022.08.14"]
[Round "7"]
[White "Wickstrom, Lars"]
[Black "Persson, Sebastian"]
[Result "1-0"]
[WhiteElo "1753"]
[BlackElo "1631"]
[PlyCount "75"]
[EventDate "2022.08.12"]
[EventType "swiss"]
[EventRounds "8"]
[EventCountry "SWE"]
[SourceTitle "CBM 209 Extra"]
[Source "ChessBase"]
[SourceDate "2022.09.30"]
[SourceVersion "1"]
[SourceVersionDate "2022.09.30"]
[SourceQuality "1"]

1. e4 c6 2. Nc3 d5 3. Nf3 dxe4 4. Nxe4 Nf6 5. Qe2 Nxe4 6. Qxe4 Qd5 7. Qxd5 cxd5 8. d4 g6 9. Bf4 Bg7 10. 0-0-0 0-0 11. h3 Bf5 12. Nh4 Bd7 13. g4 Bc6 14. Nf3 Nd7 15. Rg1 f6 16. Be3 Rae8 17. g5 e5 18. gxf6 Bxf6 19. dxe5 Nxe5 20. Nd4 Bh4 21. Nxc6 bxc6 22. Bxa7 Ra8 23. Bc5 Rf7 24. Kb1 Bxf2 25. Bxf2 Rxf2 26. Rg2 Rf3 27. Re2 Nc4 28. Bg2 Rg3 29. Rd3 Rg5 30. b3 Na3+ 31. Kb2 h5 32. Rc3 Nb5 33. Rc5 Rf8 34. a4 Na7 35. c4 Rb8 36. cxd5 cxd5 37. Rc7 Ra8 38. Rd7 1-0